000 00393nam a2200169Ia 4500
001 12090
003 IN-NITTTR
005 20251114233113.0
008 251113s9999||||xx |||||||||||||| ||eng||
040 _beng
040 _cIN-NITTTR
041 _aeng
082 _a370.15 C884P
100 _aCross, Gordon R.
245 4 _aThe psychology of learning /
_cCross, Gordon R.
942 _2ddc
_cBK
999 _c14726
_d14726